00303nam a22001217a 4500040000700000082000800007100002700015245008300042260002500125300000900150942000700159999001500166 cSK a630 aជួង សុផល aAgricultural extension; ផ្សព្វផ្សាយកសិកម្ម aRUAbជួងc2009 a66p. cKB c9586d9586